000 00300nam a22001337a 4500
003 SGT
020 _a9788119613380
082 _a543.19
_bSIN
100 _aSINGH REENA
245 _aTEXTBOOK OF INSTRUMENTAL METHODS OF ANALYSIS
260 _aINDIA
_bIP
_c2024
300 _a158
942 _2ddc
_cBK
999 _c34149
_d34149